000 00688nam a2200241Ia 4500
003 OSt
005 20220925215055.0
006 a|||||r|||| 00| 0
007 ta
008 220923b |||||||| |||| 00| 0 eng d
037 _cGeneral Book
040 _aRTL
_cRTL
_beng
041 _2eng
_aeng
082 _aX:57.1-3.N5, J3
110 _aGreat Britain, Colonial Office
_910985
245 0 _aMemorandum on the sterling assets of the British c
260 _aLondon
_bH. M. S. O. U. K.
_c1953
300 _a17p.
_ccm.
650 _aForeign Exchange
700 _aGreat Britain, Colonial Office
942 _hX:57.1-3.N5, J3
_cGB
_2CC
999 _c567789
_d567789